000 00585nam a2200205Ia 4500
003 LK-CoDNM
005 20240228105406.0
008 010623t1946 xxu||||| |||| 00| 1 sin d
040 _aLK-CoDNM
_dLK-CoDNM
_eLK-CoDNM
041 _asin
080 _a104 V21
100 _aAmarathunga,M.P.Jayashekara
245 _a1867 චින්තාමණි පඤ්චාංග ලිත
246 _aChinthamani Ephemeris and Almanac
260 _bRathnakara book shop
_aColombo
_c1945
_c46
300 _bDamaged
_a36p.,24 cm
650 _aAlmanac
650 _aAstrology
942 _cBK
999 _c101001
_d101001